Stolice województw z lat 1975-1998 - Statystyki

Ogólne statystyki
  • Ten quiz został rozwiązany 38 razy
  • Średni wynik to 42 z 49
Statystyki odpowiedzi
Odpowiedź % Poprawnych
Katowice
100%
Kraków
100%
Szczecin
100%
Toruń
100%
Wrocław
100%
Zielona Góra
100%
Białystok
96%
Bydgoszcz
96%
Gdańsk
96%
Gorzów Wielkopolski
96%
Łódź
96%
Lublin
96%
Poznań
96%
Rzeszów
96%
Warszawa
96%
Olsztyn
92%
Suwałki
92%
Tarnów
92%
Częstochowa
88%
Elbląg
88%
Kielce
88%
Koszalin
88%
Płock
88%
Słupsk
88%
Bielsko-Biała
85%
Łomża
85%
Opole
85%
Tarnobrzeg
85%
Biała Podlaska
81%
Jelenia Góra
81%
Konin
81%
Legnica
81%
Nowy Sącz
81%
Przemyśl
81%
Radom
81%
Włocławek
81%
Zamość
81%
Kalisz
77%
Wałbrzych
77%
Krosno
73%
Leszno
73%
Piła
73%
Piotrków Trybunalski
73%
Chełm
69%
Ostrołęka
65%
Siedlce
65%
Sieradz
62%
Skierniewice
62%
Ciechanów
50%
Nie znaleziono quizów pasujących do podanych kryteriów
Rozkład punktacji
Procent ludzi z każdym wynikiem
Percentyl według liczby udzielonych odpowiedzi
Twoja historia wyników
Nie rozwiązałeś tego quizu